[Event "36th World U20 ch"]
[Site "Zagan POL"]
[Date "1997.07.18"]
[Round "5"]
[White "Antoniewski, Rafal"]
[Black "Vajda, Levente"]
[Result "1/2-1/2"]
[WhiteElo "2405"]
[BlackElo "2445"]
[EventDate "1997.07.14"]
[PlyCount "155"]

1.e4 e5 2.Nf3 Nc6 3.Bb5 a6 4.Ba4 Nf6 5.O-O Be7 6.Re1 b5 7.Bb3 O-O 8.a4 b4 
9.d3 d6 10.h3 Na5 11.Ba2 b3 12.cxb3 Nc6 13.Nbd2 Nb4 14.Bb1 c5 15.Nc4 Ne8 
16.Bd2 Rb8 17.a5 Rb5 18.Nb6 Be6 19.Ra3 Nc7 20.Bc3 f6 21.Qe2 Re8 22.Nh4 Bf8
23.Qf3 g6 24.Qg3 Bg7 25.Nf3 Bf7 26.Nd2 Nc6 27.Ndc4 d5 28.exd5 Nxd5 29.Nxd5
Bxd5 30.Bc2 Nd4 31.Bd1 Nf5 32.Qg4 Bb7 33.Ne3 Nd4 34.Bxd4 cxd4 35.Nc4 f5 
36.Qg3 Bh6 37.h4 Bf4 38.Qh3 e4 39.dxe4 fxe4 40.Bg4 Bc6 41.Raa1 Kg7 42.Rad1
h5 43.Be6 Qe7 44.Bc8 d3 45.g3 Bh6 46.Bxa6 Rxb3 47.Ne3 Qa7 48.Bc4 Rxb2 49.
g4 Bd7 50.Qg3 Bxe3 51.Rxe3 Bxg4 52.Rdxd3 Qxa5 53.Rb3 Rxb3 54.Rxb3 Re7 55.
Bf1 Qc5 56.Bg2 Bf5 57.Qg5 Rc7 58.Re3 Qd4 59.Qf4 Rc1+ 60.Kh2 Rc4 61.Rb3 Qd5
62.Qb8 Rc8 63.Qg3 Kh7 64.Rc3 Rxc3 65.Qxc3 Qd6+ 66.Qg3 Qe7 67.Qf4 Qc5 68.
Kg3 Qc3+ 69.Qe3 Qd3 70.Kh2 Qxe3 71.fxe3 g5 72.hxg5 Kg6 73.Kg3 Kxg5 74.Bf1 
h4+ 75.Kh2 Kf6 76.Ba6 Ke5 77.Bb7 Kd6 78.Bxe4 1/2-1/2

[Event "36th World U20 ch"]
[Site "Zagan POL"]
[Date "1997.07.18"]
[Round "5"]
[White "Avrukh, Boris"]
[Black "Florean, Andrei"]
[Result "1-0"]
[WhiteElo "2550"]
[BlackElo "2445"]
[EventDate "1997.07.14"]
[PlyCount "61"]

1.d4 Nf6 2.c4 c5 3.d5 d6 4.Nc3 g6 5.e4 Bg7 6.h3 O-O 7.Nf3 e6 8.Bd3 exd5 9.
cxd5 b5 10.Nxb5 Nxe4 11.Bxe4 Re8 12.Ng5 h6 13.Ne6 fxe6 14.O-O e5 15.Bxg6 
Rf8 16.Qh5 Nd7 17.Bxh6 Nf6 18.Qg5 Bxh6 19.Qxh6 Qd7 20.Qg5 Ba6 21.a4 Rab8 
22.Ra3 Bxb5 23.axb5 Qg7 24.Rg3 Kh8 25.Ra1 Nh7 26.Qh5 Rb7 27.Ra4 Qf6 28.Rf3
Qd8 29.Rxf8+ Qxf8 30.Rh4 Qg8 31.Qf5 1-0

[Event "36th World U20 ch"]
[Site "Zagan POL"]
[Date "1997.07.18"]
[Round "5"]
[White "Bates, Richard"]
[Black "Krakops, Maris"]
[Result "1-0"]
[WhiteElo "2345"]
[BlackElo "2530"]
[EventDate "1997.07.14"]
[PlyCount "72"]

1.d4 Nf6 2.c4 g6 3.Nc3 Bg7 4.e4 d6 5.h3 O-O 6.Bg5 Nbd7 7.Nf3 e5 8.d5 a5 9.
g4 Nc5 10.Nd2 c6 11.Qf3 a4 12.Rg1 h6 13.Be3 Qa5 14.Rc1 a3 15.b3 Bd7 16.g5 
hxg5 17.Bxg5 Nh5 18.Be7 Rfc8 19.Bxd6 Nf4 20.h4 cxd5 21.Nxd5 Nxd5 22.exd5 
Bh6 23.Rc2 Nxb3 24.Qxb3 Ba4 25.Qc3 Bxc2 26.Qxc2 e4 27.Kd1 Bxd2 28.Qxd2 Qb6
29.Be5 Qb1+ 30.Qc1 Qxa2 31.Ke1 Re8 32.Bd4 e3 33.fxe3 Qh2 34.Rg4 a2 35.Ba1 
Qh1 36.Qc3 Qxh4+ 1-0

[Event "36th World U20 ch"]
[Site "Zagan POL"]
[Date "1997.07.18"]
[Round "5"]
[White "Shaked, Tal"]
[Black "Bagheri, Amir"]
[Result "1-0"]
[WhiteElo "2500"]
[BlackElo "2300"]
[EventDate "1997.07.14"]
[PlyCount "67"]

1.e4 c6 2.d4 d5 3.e5 Bf5 4.Nf3 e6 5.Be2 Nd7 6.O-O Ne7 7.Nh4 Bg6 8.Nd2 c5 
9.c3 Nc6 10.Nxg6 hxg6 11.Nf3 Qb6 12.Rb1 Rc8 13.Be3 cxd4 14.cxd4 Be7 15.b4 
O-O 16.h4 Qd8 17.b5 Na5 18.Bd3 Nc4 19.Bg5 Re8 20.g3 Bxg5 21.hxg5 Qa5 22.
Qe2 Na3 23.Rb3 Rc3 24.Qd2 Rec8 25.Kg2 b6 26.Qf4 Rxb3 27.axb3 Rc3 28.Rh1 
Nxb5 29.Qh4 Kf8 30.Qh8+ Ke7 31.Qg8 Nf8 32.Rh8 Rc8 33.Qxg7 Qb4 34.Bxg6 1-0

[Event "36th World U20 ch"]
[Site "Zagan POL"]
[Date "1997.07.18"]
[Round "5"]
[White "Kacheishvili, Giorgi"]
[Black "Goloschapov, Alexander"]
[Result "1-0"]
[WhiteElo "2550"]
[BlackElo "2400"]
[EventDate "1997.07.14"]
[PlyCount "65"]

1.d4 d5 2.Nf3 c6 3.c4 e6 4.Nbd2 Nf6 5.e3 Nbd7 6.Bd3 Bd6 7.O-O O-O 8.e4 e5 
9.cxd5 cxd5 10.exd5 exd4 11.Ne4 Ne5 12.Bg5 Bg4 13.Be2 Bxf3 14.Bxf3 Be7 15.
d6 Bxd6 16.Nxf6+ gxf6 17.Bh6 Re8 18.Bxb7 Rb8 19.Bc6 Re7 20.Ba4 Rxb2 21.Bb3
d3 22.Qh5 Ng6 23.Rad1 Bf4 24.Bxf4 Nxf4 25.Qg4+ Ng6 26.h4 Kh8 27.Qf5 Rd7 
28.h5 Ne5 29.h6 Re2 30.Rc1 Kg8 31.Ba4 d2 32.Bxd7 dxc1=Q 33.Rxc1 1-0

[Event "36th World U20 ch"]
[Site "Zagan POL"]
[Date "1997.07.18"]
[Round "5"]
[White "Bauer, Christian"]
[Black "Myc, Marcin"]
[Result "1-0"]
[WhiteElo "2525"]
[BlackElo "2350"]
[EventDate "1997.07.14"]
[PlyCount "113"]

1.e4 d5 2.exd5 Qxd5 3.Nc3 Qa5 4.d4 Nf6 5.Nf3 Nc6 6.Bb5 Ne4 7.a4 a6 8.Bxc6+
bxc6 9.O-O Nxc3 10.bxc3 Bg4 11.Qd3 Qf5 12.Ne5 Qxd3 13.cxd3 Bf5 14.Rd1 f6 
15.Nxc6 e6 16.Na5 Rb8 17.Ba3 Kd7 18.Bxf8 Rhxf8 19.Rd2 Rb6 20.Kf1 Rfb8 21.
Ke2 g5 22.h3 h5 23.Nc4 Rb3 24.Rc2 h4 25.Kd2 Bg6 26.Rf1 Bf5 27.f3 Rb1 28.
Rcc1 R1b3 29.Kc2 Ke7 30.Ra1 R3b7 31.Ra2 Kd7 32.Rd1 Ke7 33.Rb2 Rxb2+ 34.
Nxb2 Bg6 35.Nc4 Be8 36.Ra1 Bc6 37.Na5 Bd5 38.c4 Ba8 39.Re1 Kd6 40.Kc3 Re8 
41.d5 Re7 42.Kd4 c5+ 43.dxc6 Bxc6 44.c5+ Kc7 45.Nxc6 Kxc6 46.Rb1 e5+ 47.
Kc4 Rd7 48.Rb6+ Kc7 49.Rxa6 Rd4+ 50.Kc3 Rd5 51.Rxf6 Rxc5+ 52.Kd2 Ra5 53.
Rg6 Rxa4 54.Rxg5 Kd6 55.Rg4 Ra2+ 56.Ke1 Kd5 57.Kf1 1-0

[Event "36th World U20 ch"]
[Site "Zagan POL"]
[Date "1997.07.18"]
[Round "5"]
[White "Henni, Mohamed"]
[Black "Mirumian, Vigen"]
[Result "0-1"]
[WhiteElo "2375"]
[BlackElo "2490"]
[EventDate "1997.07.14"]
[PlyCount "78"]

1.e4 c5 2.Nf3 e6 3.d4 cxd4 4.Nxd4 Nf6 5.Nc3 d6 6.g3 Nc6 7.Bg2 Bd7 8.O-O a6
9.a4 Be7 10.Nxc6 Bxc6 11.a5 O-O 12.Be3 Qd7 13.g4 Qc7 14.g5 Nd7 15.f4 Rfe8 
16.Qh5 g6 17.Qh4 Bf8 18.Bd4 e5 19.fxe5 Nxe5 20.Qg3 Bg7 21.Rf6 Re6 22.Raf1 
Qxa5 23.Nd5 Bxd5 24.exd5 Rxf6 25.gxf6 Bf8 26.Bxe5 dxe5 27.Qxe5 Qc5+ 28.Rf2
Bd6 29.Qe2 Qb6 30.Kh1 Qxb2 31.Qd2 a5 32.Qh6 Bf8 33.Qf4 a4 34.d6 Qb6 35.Rd2
a3 36.Bd5 a2 37.Bxa2 Rxa2 38.d7 Ra1+ 39.Kg2 Rg1+ 0-1

[Event "36th World U20 ch"]
[Site "Zagan POL"]
[Date "1997.07.18"]
[Round "5"]
[White "Szabo, Zsolt Jozsef"]
[Black "Carrasco Martinez, Juan Manuel"]
[Result "1/2-1/2"]
[WhiteElo "2435"]
[BlackElo "2280"]
[EventDate "1997.07.14"]
[PlyCount "74"]

1.e4 e6 2.d4 d5 3.Nd2 Nf6 4.e5 Nfd7 5.Bd3 c5 6.c3 Nc6 7.Ne2 cxd4 8.cxd4 f6
9.exf6 Qxf6 10.Nf3 h6 11.O-O Bd6 12.Bc2 O-O 13.Ng3 Rd8 14.Qd3 Nf8 15.Bd2 
e5 16.dxe5 Nxe5 17.Nxe5 Bxe5 18.Rab1 Bg4 19.Bb4 Rac8 20.h3 Bxg3 21.Bxf8 
Rxc2 22.fxg3 Qb6+ 23.Kh2 Qc6 24.Qd4 Rxf8 25.Rxf8+ Kxf8 26.hxg4 Kg8 27.Re1 
Rc4 28.Qxa7 Rxg4 29.Rd1 Qd6 30.Rd3 Rh4+ 31.Kg1 Rb4 32.b3 d4 33.Qa5 Rb6 34.
Qd2 Qc5 35.Qf4 Rd6 36.a4 b6 37.Qe4 Rd8 1/2-1/2

[Event "36th World U20 ch"]
[Site "Zagan POL"]
[Date "1997.07.18"]
[Round "5"]
[White "Bunzmann, Dimitrij"]
[Black "Gershon, Alik"]
[Result "1/2-1/2"]
[WhiteElo "2370"]
[BlackElo "2420"]
[EventDate "1997.07.14"]
[PlyCount "40"]

1.c4 c5 2.Nc3 Nc6 3.g3 g6 4.Bg2 Bg7 5.Rb1 Rb8 6.Nf3 a6 7.a3 b5 8.cxb5 axb5
9.b4 c4 10.a4 Ba6 11.O-O e6 12.Qc2 d5 13.axb5 Bxb5 14.Nxb5 Rxb5 15.d3 c3 
16.Be3 Nge7 17.Bc5 O-O 18.d4 Qb8 19.Qxc3 Rc8 20.Qd2 Nf5 1/2-1/2

[Event "36th World U20 ch"]
[Site "Zagan POL"]
[Date "1997.07.18"]
[Round "5"]
[White "Jirovsky, Petr"]
[Black "Putka, Verners"]
[Result "1/2-1/2"]
[WhiteElo "2395"]
[BlackElo "2220"]
[EventDate "1997.07.14"]
[PlyCount "120"]

1.e4 e5 2.Nf3 Nf6 3.Nxe5 d6 4.Nf3 Nxe4 5.Qe2 Qe7 6.d3 Nf6 7.Bg5 Qxe2+ 8.
Bxe2 Be7 9.Nc3 c6 10.O-O-O Na6 11.Ne4 Nxe4 12.dxe4 Nc5 13.Rhe1 Be6 14.Bf1 
a5 15.b3 h6 16.Bxe7 Kxe7 17.Nd4 Rhe8 18.h3 Kd7 19.f4 Kc7 20.g4 f6 21.Bg2 
Re7 22.Re2 Rae8 23.Bf3 Bd7 24.Rde1 g6 25.Kd2 b5 26.a3 Nb7 27.Bg2 Nd8 28.
Re3 c5 29.Ne2 Bc6 30.Nc3 b4 31.axb4 cxb4 32.Nd1 Ne6 33.e5 fxe5 34.Bxc6 
Kxc6 35.fxe5 d5 36.Rf1 Nc5 37.Rf6+ Re6 38.Nf2 g5 39.Ref3 Nd7 40.Rxe6+ Rxe6
41.Nd3 Nxe5 42.Nxe5+ Rxe5 43.Rf6+ Kc5 44.Ra6 Kd4 45.Rxa5 Re6 46.Rb5 Rf6 
47.Rxb4+ Kc5 48.Rb8 Rf3 49.Rc8+ Kb4 50.Rb8+ Kc5 51.b4+ Kc4 52.b5 Rxh3 53.
b6 Rh2+ 54.Kc1 Kb5 55.b7 Kb6 56.Rd8 Kxb7 57.Rxd5 Kc6 58.Rd4 Kc5 59.c3 Rf2 
60.Kd1 Rh2 1/2-1/2

[Event "36th World U20 ch"]
[Site "Zagan POL"]
[Date "1997.07.18"]
[Round "5"]
[White "Schneider, Stefan"]
[Black "Stojanovic, Mihajlo"]
[Result "1/2-1/2"]
[WhiteElo "2305"]
[BlackElo "2470"]
[EventDate "1997.07.14"]
[PlyCount "62"]

1.d4 Nf6 2.Nf3 e6 3.c4 b6 4.Bf4 Bb7 5.e3 Bb4+ 6.Nbd2 O-O 7.Be2 d5 8.O-O 
Be7 9.Rc1 c5 10.cxd5 exd5 11.Ne5 Nc6 12.Qa4 Nxe5 13.Bxe5 a6 14.Bxf6 Bxf6 
15.dxc5 bxc5 16.Rxc5 d4 17.exd4 Bxd4 18.Rc2 Qf6 19.Nf3 Bb6 20.Rd1 Rfe8 21.
Rcd2 Re6 22.Qb3 Rae8 23.Bc4 R6e7 24.Rd6 Bxf3 25.Qxf3 Qxb2 26.Rd7 Rxd7 27.
Rxd7 Qb1+ 28.Rd1 Re1+ 29.Rxe1 Qxe1+ 30.Bf1 g6 31.Qe2 Qxe2 1/2-1/2

[Event "36th World U20 ch"]
[Site "Zagan POL"]
[Date "1997.07.18"]
[Round "5"]
[White "Rezan, Sasa"]
[Black "Tikhonov, Yury"]
[Result "1-0"]
[WhiteElo "2250"]
[BlackElo "2415"]
[EventDate "1997.07.14"]
[PlyCount "67"]

1.e4 e5 2.Nf3 Nc6 3.Bb5 a6 4.Ba4 Nf6 5.O-O Nxe4 6.d4 b5 7.Bb3 d5 8.Nxe5 
Nxe5 9.dxe5 c6 10.c3 Be7 11.Be3 f5 12.exf6 Nxf6 13.Nd2 O-O 14.h3 Bf5 15.
Nf3 Qd7 16.Bg5 Kh8 17.Nd4 Bg6 18.Re1 Bd6 19.Ne6 Rfe8 20.Nf4 Bf5 21.Bxf6 
gxf6 22.Nh5 Rxe1+ 23.Qxe1 Bxh3 24.Qe3 Rg8 25.Ng3 Bg4 26.a4 Qg7 27.axb5 f5 
28.Qe6 Bb8 29.bxc6 f4 30.Qxd5 fxg3 31.Qxg8+ Qxg8 32.Bxg8 Kxg8 33.Rxa6 Kf7 
34.c7 1-0

[Event "36th World U20 ch"]
[Site "Zagan POL"]
[Date "1997.07.18"]
[Round "5"]
[White "De Wachter, Matthias"]
[Black "Delemarre, Jop"]
[Result "0-1"]
[WhiteElo "2175"]
[BlackElo "2395"]
[EventDate "1997.07.14"]
[PlyCount "74"]

1.e4 c6 2.d4 d5 3.e5 Bf5 4.h4 h5 5.c4 e6 6.Nc3 Be7 7.cxd5 cxd5 8.Nf3 Nc6 
9.Bg5 Bg4 10.Be2 Qb6 11.O-O Bxf3 12.Bxf3 Bxg5 13.hxg5 Qxd4 14.Qb3 Nge7 15.
Nb5 Qxe5 16.Rfe1 Qb8 17.g6 Nxg6 18.Qxd5 Nge5 19.Qc5 Nxf3+ 20.gxf3 a6 21.
Nd6+ Kf8 22.Nxb7+ Ne7 23.Nd6 Rh6 24.Rad1 Kg8 25.Nc4 Rg6+ 26.Kf1 Qb5 27.
Qxb5 axb5 28.Ne5 Rf6 29.Rd7 Nd5 30.Rb7 b4 31.Rc1 Rf5 32.Nc6 Rf6 33.Kg2 
Rxa2 34.Rb8+ Kh7 35.Ne5 Rf5 36.f4 Nxf4+ 37.Kg3 Ne2+ 0-1

[Event "36th World U20 ch"]
[Site "Zagan POL"]
[Date "1997.07.18"]
[Round "5"]
[White "Fontaine, Robert"]
[Black "Podkriznik, Gregor"]
[Result "1-0"]
[WhiteElo "2395"]
[BlackElo "2295"]
[EventDate "1997.07.14"]
[PlyCount "81"]

1.e4 c5 2.Nf3 d6 3.d4 cxd4 4.Nxd4 Nf6 5.Nc3 a6 6.Bg5 e6 7.f4 Qb6 8.Qd2 Nc6
9.Bxf6 gxf6 10.Nb3 Qc7 11.Be2 b5 12.Bh5 Bb7 13.Qf2 Be7 14.O-O-O Na5 15.
Rhe1 Nxb3+ 16.axb3 Qc5 17.Qe2 Rc8 18.Rd3 a5 19.f5 O-O 20.Rg3+ Kh8 21.Qxb5 
Qxb5 22.Nxb5 Rc5 23.Nd4 Re5 24.Rge3 Bd8 25.Nf3 Rb5 26.Bg4 Re8 27.Rd3 Bc7 
28.fxe6 fxe6 29.Nd2 Rg5 30.Bf3 Rc8 31.h4 Rc5 32.Rc3 Rxc3 33.bxc3 Bb6 34.
Nc4 Bc7 35.Rd1 Rd8 36.Kb2 Ba6 37.Nxa5 d5 38.Nc6 Rd6 39.exd5 Bb7 40.Nb4 Ba5
41.dxe6 1-0

[Event "36th World U20 ch"]
[Site "Zagan POL"]
[Date "1997.07.18"]
[Round "5"]
[White "Bratanov, Zsivko"]
[Black "Moreira Romero, Jairo"]
[Result "1-0"]
[WhiteElo "2355"]
[BlackElo "2200"]
[EventDate "1997.07.14"]
[PlyCount "111"]

1.e4 c5 2.Nf3 Nc6 3.d4 cxd4 4.Nxd4 Nf6 5.Nc3 e5 6.Nde2 Bc5 7.Be3 Bxe3 8.
fxe3 d6 9.Qd2 O-O 10.O-O-O Be6 11.Kb1 Qa5 12.Nc1 Rfd8 13.Nb3 Qb6 14.Bd3 a5
15.a3 d5 16.exd5 Nxd5 17.Nxd5 Bxd5 18.Qe2 a4 19.Nd2 Be6 20.Ne4 h6 21.g4 
Ne7 22.Rhg1 Bd5 23.h4 Qc6 24.Bb5 Qb6 25.Nc3 Bc6 26.Rxd8+ Rxd8 27.Bxa4 Bxa4
28.Nxa4 Qc6 29.Nc3 Nd5 30.Nxd5 Qxd5 31.g5 Rd6 32.Qg2 Qxg2 33.Rxg2 hxg5 34.
hxg5 Kh7 35.a4 Kg6 36.b4 Rd1+ 37.Kb2 Kf5 38.Kc3 Rd7 39.Rd2 Rc7+ 40.Kb3 
Kxg5 41.b5 f5 42.b6 Re7 43.c4 f4 44.exf4+ exf4 45.a5 f3 46.a6 bxa6 47.c5 
Rb7 48.Ka4 Kf4 49.Ka5 Ke3 50.Ra2 f2 51.Rxf2 Kxf2 52.c6 Rxb6 53.Kxb6 g5 54.
c7 g4 55.c8=Q g3 56.Qf5+ 1-0

[Event "36th World U20 ch"]
[Site "Zagan POL"]
[Date "1997.07.18"]
[Round "5"]
[White "Karner, Christoph"]
[Black "Ho, Andrew"]
[Result "0-1"]
[WhiteElo "2155"]
[BlackElo "2340"]
[EventDate "1997.07.14"]
[PlyCount "62"]

1.d4 g6 2.c4 Bg7 3.e4 d6 4.Nc3 e5 5.d5 f5 6.exf5 gxf5 7.f4 Ne7 8.Nf3 Ng6 
9.fxe5 dxe5 10.Be2 O-O 11.Bg5 Qe8 12.Qc2 Na6 13.O-O-O f4 14.Bd3 Nb4 15.
Bxg6 hxg6 16.Qb3 Na6 17.Rhe1 Rb8 18.Qa3 b6 19.Ne4 b5 20.c5 b4 21.Qb3 Bf5 
22.Qc4 Qb5 23.Qxb5 Rxb5 24.d6 Nxc5 25.dxc7 Nxe4 26.Be7 Rc8 27.Rd8+ Kf7 28.
Rxc8 Bxc8 29.Bd8 Rc5+ 30.Kb1 Bf5 31.Ka1 Ke8 0-1

[Event "36th World U20 ch"]
[Site "Zagan POL"]
[Date "1997.07.18"]
[Round "5"]
[White "Savic, Miodrag"]
[Black "Pihlajasalo, Hannu"]
[Result "1-0"]
[WhiteElo "2430"]
[BlackElo "2185"]
[EventDate "1997.07.14"]
[PlyCount "58"]

1.d4 Nf6 2.c4 g6 3.Nc3 Bg7 4.g3 O-O 5.Bg2 d6 6.Nf3 Nbd7 7.O-O e5 8.b3 Re8 
9.e4 exd4 10.Nxd4 Nc5 11.f3 a5 12.Bb2 c6 13.Rc1 Qb6 14.Kh1 a4 15.Rb1 axb3 
16.axb3 h5 17.Bc1 Ne6 18.Nxe6 Bxe6 19.Bf4 Qb4 20.Qd3 d5 21.cxd5 cxd5 22.
Be5 dxe4 23.fxe4 Rad8 24.Qf3 Rc8 25.Bxf6 Bxf6 26.Nd5 Bxd5 27.exd5 Rc2 28.
Qxf6 Ree2 29.Qxf7+ Kh8 1-0

[Event "36th World U20 ch"]
[Site "Zagan POL"]
[Date "1997.07.18"]
[Round "5"]
[White "Dantas, Carlos"]
[Black "Kucumenler, Tarkan"]
[Result "1-0"]
[WhiteElo "2200"]
[BlackElo "2035"]
[EventDate "1997.07.14"]
[PlyCount "109"]

1.f4 Nf6 2.Nf3 g6 3.e3 Bg7 4.d4 d6 5.Bd3 O-O 6.O-O c5 7.c3 b6 8.Qe2 Bb7 9.
Nbd2 Nbd7 10.f5 d5 11.Ng5 Bh6 12.h4 Qc7 13.Rf3 Rae8 14.e4 cxd4 15.cxd4 
dxe4 16.Ndxe4 Nxe4 17.Bxe4 Bg7 18.Be3 Bxe4 19.Nxe4 Qb7 20.Nc3 Nf6 21.Kh1 
e6 22.fxg6 hxg6 23.Bf4 e5 24.dxe5 Ng4 25.Raf1 Bxe5 26.Qc4 Bxf4 27.Qxf4 f5 
28.Qg5 Qg7 29.Nd5 Qh6 30.Ne7+ Kh7 31.Nd5 Qxg5 32.hxg5 Kg7 33.Rc3 Rf7 34.
Nf4 Rfe7 35.Rc6 Ne5 36.Rd6 Rh8+ 37.Kg1 Rh5 38.Nxh5+ gxh5 39.Rxf5 Nf7 40.
Rd2 Kg6 41.Rfd5 Re1+ 42.Kf2 Ra1 43.a3 Nxg5 44.Rd1 Ra2 45.Rb1 Ne4+ 46.Ke3 
Nf6 47.Rd6 Kg5 48.Kd3 b5 49.Rxf6 Kxf6 50.Kc3 Kg5 51.Kb3 Kg4 52.Kxa2 Kg3 
53.Rh1 h4 54.Rh3+ Kg4 55.Kb3 1-0

[Event "36th World U20 ch"]
[Site "Zagan POL"]
[Date "1997.07.19"]
[Round "6"]
[White "Antoniewski, Rafal"]
[Black "Shaked, Tal"]
[Result "1/2-1/2"]
[WhiteElo "2405"]
[BlackElo "2500"]
[EventDate "1997.07.14"]
[PlyCount "42"]

1.e4 e6 2.d4 d5 3.Nc3 Bb4 4.Qg4 Nf6 5.Qxg7 Rg8 6.Qh6 c5 7.e5 cxd4 8.a3 Bf8
9.Qxf6 Qxf6 10.exf6 dxc3 11.Ne2 Nd7 12.Nxc3 Bd6 13.g3 Nxf6 14.Bg2 Bd7 15.
O-O O-O-O 16.Be3 Kb8 17.h3 Bc6 18.Rad1 Nd7 19.Ne2 Nb6 20.Bxb6 axb6 21.Nd4 
Kc7 1/2-1/2

[Event "36th World U20 ch"]
[Site "Zagan POL"]
[Date "1997.07.19"]
[Round "6"]
[White "Rowson, Jonathan"]
[Black "Zulfugarli, Mahomed"]
[Result "1/2-1/2"]
[WhiteElo "2490"]
[BlackElo "2385"]
[EventDate "1997.07.14"]
[PlyCount "97"]

1.e4 e5 2.Nf3 Nc6 3.Bb5 a6 4.Ba4 Nf6 5.O-O Be7 6.Re1 b5 7.Bb3 d6 8.c3 O-O 
9.h3 Nd7 10.d4 Bf6 11.a4 Bb7 12.Na3 exd4 13.cxd4 Re8 14.Bf4 Na5 15.Bc2 b4 
16.Nb1 c5 17.Nbd2 Qb6 18.e5 dxe5 19.dxe5 Be7 20.Ne4 Nf8 21.Bg5 Bxg5 22.
Nfxg5 h6 23.Nf3 Nc4 24.Bb3 Nxe5 25.Nxe5 Rxe5 26.Qd6 Qxd6 27.Nxd6 Rxe1+ 28.
Rxe1 Bc6 29.Re7 Ne6 30.Nxf7 Nd4 31.Bc4 Kh7 32.b3 Re8 33.Rxe8 Bxe8 34.Ne5 
a5 35.Nd3 Bc6 36.f3 g5 37.Kf2 h5 38.Nxc5 Kg6 39.Bd3+ Kf6 40.Bc4 h4 41.Ke3 
Nf5+ 42.Kd3 Nd6 43.Kd4 Nf5+ 44.Kd3 Nd6 45.Bg8 Ke5 46.Bh7 Bd5 47.Be4 Bf7 
48.Ke3 Nf5+ 49.Kd3 1/2-1/2

[Event "36th World U20 ch"]
[Site "Zagan POL"]
[Date "1997.07.19"]
[Round "6"]
[White "Kempinski, Robert"]
[Black "Bates, Richard"]
[Result "1-0"]
[WhiteElo "2530"]
[BlackElo "2345"]
[EventDate "1997.07.14"]
[PlyCount "57"]

1.d4 Nf6 2.c4 g6 3.Nc3 Bg7 4.Nf3 d6 5.Bg5 O-O 6.e3 c5 7.d5 e6 8.Be2 h6 9.
Bh4 exd5 10.cxd5 b6 11.Nd2 Ba6 12.O-O Qd7 13.a4 Bxe2 14.Qxe2 Re8 15.a5 
bxa5 16.Rxa5 Nh5 17.Rfa1 Bxc3 18.bxc3 Qf5 19.g4 Nf4 20.Qf3 Qd3 21.Qxf4 
Qxd2 22.Qxd6 Qxc3 23.Qxc5 Qd3 24.Qd6 a6 25.Bf6 h5 26.Bd4 Qe4 27.Qf6 Qxg4+ 
28.Kf1 Kf8 29.d6 1-0

[Event "36th World U20 ch"]
[Site "Zagan POL"]
[Date "1997.07.19"]
[Round "6"]
[White "Van den Doel, Erik"]
[Black "Kacheishvili, Giorgi"]
[Result "1-0"]
[WhiteElo "2440"]
[BlackElo "2550"]
[EventDate "1997.07.14"]
[PlyCount "61"]

1.e4 c6 2.d4 d5 3.Nd2 dxe4 4.Nxe4 Nd7 5.Ng5 Ngf6 6.Bd3 e6 7.N1f3 Bd6 8.Qe2
h6 9.Ne4 Nxe4 10.Qxe4 Nf6 11.Qe2 Qc7 12.Bd2 b6 13.O-O-O Bb7 14.Ne5 c5 15.
Bb5+ Ke7 16.dxc5 Qxc5 17.a3 Qc7 18.Bf4 Rhd8 19.Rd4 Bd5 20.Rhd1 Kf8 21.Kb1 
a6 22.Bxa6 g5 23.Ng4 Bxf4 24.Nxf6 Bxg2 25.Qh5 Rxd4 26.Rxd4 Rd8 27.Qxh6+ 
Ke7 28.Nh7 Bc6 29.a4 Qb8 30.Qf6+ Ke8 31.Nxg5 1-0

[Event "36th World U20 ch"]
[Site "Zagan POL"]
[Date "1997.07.19"]
[Round "6"]
[White "Ivanisevic, Ivan"]
[Black "Kunte, Abhijit"]
[Result "1/2-1/2"]
[WhiteElo "2540"]
[BlackElo "2430"]
[EventDate "1997.07.14"]
[PlyCount "35"]

1.d4 Nf6 2.c4 e6 3.Nf3 b6 4.g3 Ba6 5.b3 Bb4+ 6.Bd2 Be7 7.Bg2 d5 8.cxd5 
Nxd5 9.Nc3 Bb7 10.O-O Nd7 11.Nxd5 Bxd5 12.Re1 Nf6 13.Bg5 O-O 14.Rc1 Rc8 
15.Ne5 c5 16.dxc5 Bxg2 17.Kxg2 Bxc5 18.Rc4 1/2-1/2

[Event "36th World U20 ch"]
[Site "Zagan POL"]
[Date "1997.07.19"]
[Round "6"]
[White "Balogh, Tomas"]
[Black "Bauer, Christian"]
[Result "1/2-1/2"]
[WhiteElo "2390"]
[BlackElo "2525"]
[EventDate "1997.07.14"]
[PlyCount "84"]

1.d4 d6 2.c4 e5 3.dxe5 dxe5 4.Qxd8+ Kxd8 5.Nc3 Be6 6.b3 c6 7.Bb2 f6 8.e3 
Nd7 9.g3 Kc7 10.Bh3 Bxh3 11.Nxh3 h5 12.f3 Nh6 13.Nf2 Nf5 14.Ke2 a5 15.Nfe4
Be7 16.Rad1 Rhd8 17.Na4 b6 18.Bc3 Bb4 19.Rd3 Nb8 20.Rhd1 Rxd3 21.Rxd3 Nd7 
22.Bb2 Rb8 23.h3 h4 24.g4 Nd6 25.Nxd6 Bxd6 26.Nc3 Ra8 27.Ne4 Be7 28.f4 
exf4 29.exf4 a4 30.f5 axb3 31.axb3 Bb4 32.Bc1 Ra2+ 33.Kd1 Nc5 34.Bf4+ Kc8 
35.Nxc5 Bxc5 36.Rd2 Ra1+ 37.Ke2 Rg1 38.Kf3 Re1 39.Kg2 Rb1 40.Rd3 Rb2+ 41.
Kf3 Rf2+ 42.Ke4 Re2+ 1/2-1/2

[Event "36th World U20 ch"]
[Site "Zagan POL"]
[Date "1997.07.19"]
[Round "6"]
[White "Iordachescu, Viorel"]
[Black "Kelly, Brian"]
[Result "1-0"]
[WhiteElo "2500"]
[BlackElo "2390"]
[EventDate "1997.07.14"]
[PlyCount "89"]

1.e4 c5 2.Nf3 e6 3.d3 Nc6 4.g3 Nge7 5.h4 d5 6.Nbd2 Nd4 7.Nh2 h6 8.Ng4 h5 
9.Ne3 g6 10.Bg2 Bg7 11.O-O Ndc6 12.a4 O-O 13.f4 f5 14.exd5 exd5 15.Nf3 Bf6
16.Qe1 Qd6 17.Ng5 Kg7 18.a5 Bd7 19.Kh2 Rfe8 20.Qf2 Nd8 21.c4 Bc6 22.cxd5 
Nxd5 23.Nc4 Qe7 24.Ne5 Qd6 25.Bd2 Nb4 26.Bxb4 cxb4 27.d4 Bd5 28.Rac1 Re7 
29.Rfd1 Ne6 30.Nxe6+ Qxe6 31.Rc5 Rd8 32.Rb5 Bxg2 33.Qxg2 Qa6 34.Rxb4 Rc7 
35.Rb3 Kh6 36.d5 Qd6 37.Re3 Qb4 38.b3 Kh7 39.Nc4 Kg7 40.d6 Rcd7 41.Qd5 Rf8
42.Rdd3 Rdd8 43.Re6 Rc8 44.d7 Rcd8 45.Nd6 1-0

[Event "36th World U20 ch"]
[Site "Zagan POL"]
[Date "1997.07.19"]
[Round "6"]
[White "Mirumian, Vigen"]
[Black "Li Shilong"]
[Result "1-0"]
[WhiteElo "2490"]
[BlackElo "2335"]
[EventDate "1997.07.14"]
[PlyCount "55"]

1.Nf3 c5 2.e4 d6 3.Nc3 Nf6 4.d4 cxd4 5.Nxd4 e6 6.Bc4 Be7 7.O-O O-O 8.Bb3 
Na6 9.f4 Nc5 10.e5 dxe5 11.fxe5 Nxb3 12.axb3 Bc5 13.Be3 Nd5 14.Bf2 Nxc3 
15.bxc3 Qg5 16.Nf3 Bxf2+ 17.Rxf2 Qe7 18.Ra4 Bd7 19.Rf4 a5 20.h3 a4 21.bxa4
Bxa4 22.Nd4 Qc7 23.Qf3 Bc6 24.Qh5 Bd5 25.c4 Bxc4 26.Rh4 h6 27.Rf6 Rfd8 28.
Nf3 1-0

[Event "36th World U20 ch"]
[Site "Zagan POL"]
[Date "1997.07.19"]
[Round "6"]
[White "Socko, Bartosz"]
[Black "Macieja, Bartlomiej"]
[Result "1/2-1/2"]
[WhiteElo "2435"]
[BlackElo "2470"]
[EventDate "1997.07.14"]
[PlyCount "138"]

1.e4 c5 2.Nf3 d6 3.d4 Nf6 4.Nc3 cxd4 5.Nxd4 g6 6.Bc4 Bg7 7.h3 O-O 8.Bb3 b6
9.O-O Bb7 10.Re1 Nbd7 11.Bg5 h6 12.Bh4 Nc5 13.f3 a6 14.Qd2 e5 15.Bxf6 Bxf6
16.Nde2 Bg5 17.Qd1 Nxb3 18.axb3 Qc7 19.Nd5 Bxd5 20.exd5 b5 21.Nc3 f5 22.
Qd3 Rfc8 23.Re2 Qb7 24.Kh1 Rc5 25.Rd1 Rac8 26.g4 Qf7 27.Na2 a5 28.Nc3 b4 
29.Na4 R5c7 30.Nb6 Rf8 31.Nc4 Qf6 32.Rg2 Kh7 33.Qe2 Bf4 34.Qf2 e4 35.Rf1 
fxg4 36.fxg4 Rcf7 37.Qe1 Qe7 38.Re2 Bg3 39.Rxf7+ Qxf7 40.Qg1 Bh4 41.Nxd6 
Qxd5 42.Nxe4 Bd8 43.Kh2 Bc7+ 44.Ng3 Qd6 45.Qg2 Kh8 46.Rd2 Qf4 47.Rd3 h5 
48.Kh1 h4 49.Ne2 Qe5 50.Ng1 Qxb2 51.Qe2 Qf6 52.Qf3 Qxf3+ 53.Nxf3 Bg3 54.
Kg2 Rc8 55.Rd2 Rc3 56.Re2 Bf4 57.Nxh4 Kg7 58.Nf3 g5 59.Kf2 Kf6 60.Ng1 Bg3+
61.Kf1 Bf4 62.Kf2 Rg3 63.Re8 Rc3 64.Re2 Rg3 65.Kf1 Rc3 66.Kg2 Rg3+ 67.Kf2 
Kf7 68.Re4 Rc3 69.Re2 Rg3 1/2-1/2

[Event "36th World U20 ch"]
[Site "Zagan POL"]
[Date "1997.07.19"]
[Round "6"]
[White "Krakops, Maris"]
[Black "Jirovsky, Petr"]
[Result "1-0"]
[WhiteElo "2530"]
[BlackElo "2395"]
[EventDate "1997.07.14"]
[PlyCount "127"]

1.e4 e5 2.Nf3 d6 3.d4 Nd7 4.Bc4 c6 5.O-O Be7 6.dxe5 dxe5 7.Ng5 Bxg5 8.Qh5 
g6 9.Qxg5 Qxg5 10.Bxg5 Nc5 11.Nd2 Ne6 12.Be3 Nf6 13.Nf3 Ng4 14.Bd2 Nd4 15.
Bc3 Nxc2 16.Rac1 Nd4 17.Nxd4 exd4 18.Bxd4 f6 19.Bb3 Ke7 20.Rfd1 Ne5 21.
Bxe5 fxe5 22.Rc5 Re8 23.Rxe5+ Kf8 24.Rxe8+ Kxe8 25.Bg8 Kf8 26.Rd8+ Ke7 27.
Rd3 h6 28.f3 a5 29.Kf2 a4 30.Ke3 Ra5 31.Kd2 Rc5 32.b3 axb3 33.axb3 Rg5 34.
g4 Ra5 35.Ke3 Ra2 36.Rd2 Ra1 37.h4 Rh1 38.Bh7 g5 39.h5 Rb1 40.Bg8 Re1+ 41.
Kd4 Be6 42.Bxe6 Kxe6 43.b4 b6 44.Rd3 Rb1 45.Kc4 Rc1+ 46.Rc3 Rb1 47.Rb3 
Rc1+ 48.Kd4 Rd1+ 49.Ke3 Ra1 50.Rc3 Kd6 51.Rd3+ Ke7 52.Kd4 Ke6 53.Rc3 Kd6 
54.e5+ Kd7 55.Ke4 Ra4 56.Rd3+ Ke7 57.Rd4 b5 58.Kf5 Ra3 59.Kg6 Rxf3 60.Kxh6
Rf4 61.Rd6 Rxg4 62.Kg7 Rxb4 63.h6 Rf4 64.Rf6 1-0